Human resource management / (Record no. 49488)

MARC details
000 -LEADER
fixed length control field 00748cam a2200253 a 4500
001 - CONTROL NUMBER
control field 1634335
003 - CONTROL NUMBER IDENTIFIER
control field 0
005 - DATE AND TIME OF LATEST TRANSACTION
control field 20170317150439.0
008 - FIXED-LENGTH DATA ELEMENTS--GENERAL INFORMATION
fixed length control field 960723s1997 ilua b 001 0 eng
010 ## - LIBRARY OF CONGRESS CONTROL NUMBER
LC control number 96017944
020 ## - INTERNATIONAL STANDARD BOOK NUMBER
International Standard Book Number 0256193541
020 ## - INTERNATIONAL STANDARD BOOK NUMBER
International Standard Book Number 9780071149013
040 ## - CATALOGING SOURCE
Transcribing agency SPU
050 00 - LIBRARY OF CONGRESS CALL NUMBER
Classification number HF5549
Item number .M473 1997
100 1# - MAIN ENTRY--PERSONAL NAME
Personal name Milkovich, George T.
245 10 - TITLE STATEMENT
Title Human resource management /
Statement of responsibility, etc George T. Milkovich, John W. Boudreau, with the assistance of Carolyn milkovich.
250 ## - EDITION STATEMENT
Edition statement 8th ed.
260 ## - PUBLICATION, DISTRIBUTION, ETC. (IMPRINT)
Place of publication, distribution, etc Chicago :
Name of publisher, distributor, etc Irwin,
Date of publication, distribution, etc c1997.
300 ## - PHYSICAL DESCRIPTION
Extent xxv, 693 p. :
Other physical details ill. ;
Dimensions 27 cm.
504 ## - BIBLIOGRAPHY, ETC. NOTE
Bibliography, etc Includes bibliographical references and indexes.
650 #0 - SUBJECT ADDED ENTRY--TOPICAL TERM
Topical term or geographic name as entry element Personnel management.
710 2# - ADDED ENTRY--CORPORATE NAME
Corporate name or jurisdiction name as entry element Boudreau, John W.
942 ## - ADDED ENTRY ELEMENTS (KOHA)
Source of classification or shelving scheme Library of Congress Classification
Koha item type Book
Holdings
Withdrawn status Lost status Source of classification or shelving scheme Damaged status Not for loan Collection code Home library Current library Shelving location Date acquired Source of acquisition Cost, normal purchase price Total Checkouts Total Renewals Full call number Barcode Date last seen Date checked out Copy number Price effective from Koha item type
    Library of Congress Classification     Non-fiction Nairobi Campus Nairobi Campus General Circulation 17/03/2017 Donation-BFA 500.00 8 2 HF5549 .M47 1997 051930 05/03/2026 05/03/2026 1 17/03/2017 Book